| 000 | 00629nam a2200217Ii 4500 | ||
|---|---|---|---|
| 003 | JO-AjNU | ||
| 008 | 230605s9999||||xx |||||||||||||| ||und|| | ||
| 017 | _a2015/2/561 | ||
| 040 |
_aJO-AjNU _bara _erda _cJO-AjNU |
||
| 041 | _aara | ||
| 050 | 1 | 4 | _aPJ7538.A4248 2015 |
| 100 | 3 |
_aعلاونه، جهاد, _eauthor _957489 |
|
| 245 | 0 | 0 | _aطراطيش حكي |
| 250 | _aط1 | ||
| 264 | 3 | 1 | _aاربد: المولف، 2015 |
| 300 | _a472ص | ||
| 336 |
_atext _btxt _2rdacontent |
||
| 337 |
_aunmediated _bn _2rdamedia |
||
| 338 |
_avolume _bnc _2rdacarrier |
||
| 650 | 4 |
_aالادب العربي-العصر الحديث _957490 |
|
| 999 |
_aA25767 _c29335 _d29335 |
||